Glycolipids (Record no. 39973)

MARC details
000 -LEADER
fixed length control field 00335nam a2200133Ia 4500
082 ## - DEWEY DECIMAL CLASSIFICATION NUMBER
Classification number 577.115
Item number WIE
245 #0 - TITLE STATEMENT
Title Glycolipids
260 ## - PUBLICATION, DISTRIBUTION, ETC. (IMPRINT)
Place of publication Amsterdam
Name of publisher Elsevier
Year of publication 1985
490 ## - SERIES STATEMENT
Series statement New comprehensive biochemistry; v 10
650 ## - SUBJECT ADDED ENTRY--TOPICAL TERM
Topical Term Glycolipids
700 ## - ADDED ENTRY--PERSONAL NAME
Personal name WIEGANDT, H
942 ## - ADDED ENTRY ELEMENTS (KOHA)
Koha item type Books
Holdings
Withdrawn status Lost status Damaged status Not for loan Home library Current library Date acquired Full call number Accession Number Koha item type
        RRII Library RRII Library 16/12/2021 577.115 WIE 20291 Books